000
00303nam a22001337a 4500
008
171130b xxu||||| |||| 00| 0 eng d
020
_a
0155814206
041
_a
eng
080
_a
316
100
_a
50
101
_a
SOC
245
_a
SOCIAL CHANGE IN THE TWENTIETH CENTURY
_c
CHIROT,D
942
_2
udc
_c
BK
999
_c
38636
_d
38636